Statistics for Countries in the Middle East by Capital

Click here to take the quiz!

General Stats

  • This quiz has been taken 325 times
  • The average score is 14 of 15

Answer Stats

Capital Country % Correct
Kuwait CityKuwait
99%
BaghdadIraq
99%
TehranIran
98%
JerusalemIsrael
97%
DamascusSyria
97%
AnkaraTurkey
96%
Abu DhabiUnited Arab Emirates
96%
BeirutLebanon
95%
RiyadhSaudi Arabia
95%
AmmanJordan
94%
DohaQatar
92%
Sana’aYemen
92%
NicosiaCyprus
90%
MuscatOman
89%
ManamaBahrain
87%

Score Distribution

Percentile by Number Answered

Percent of People with Each Score

Your Score History

You have not taken this quiz